| 000 | 00682cam a22002531 4500 | ||
|---|---|---|---|
| 001 | 9823352 | ||
| 005 | 20180220040923.0 | ||
| 008 | 731108s1959 paua b 000 0 eng | ||
| 010 | _a 59005963 | ||
| 015 | _aGB59-9763 | ||
| 035 | _a(OCoLC)736582 | ||
| 040 |
_aDLC _cOClW-H _dOCoLC _dUk _dDLC |
||
| 041 | _aeng | ||
| 042 | _apremarc | ||
| 080 | _a618.920 | ||
| 082 | _a618.920 NEL | ||
| 100 | 1 | _a10 | |
| 101 | _aGJIN | ||
| 245 | 0 | 0 |
_aTextbook of pediatrics. _cWith the collaboration of eighty-one contributors. |
| 504 | _aIncludes bibliography. | ||
| 740 | 0 | _aTextbook of pediatrics. 7th ed. | |
| 906 |
_a7 _bcbc _coclcrpl _du _encip _f19 _gy-gencatlg |
||
| 942 |
_2ddc _cBK |
||
| 999 |
_c42887 _d42887 |
||